000 00355nam a2200133Ia 4500
008 220217s9999||||xx |||||||||||||| ||und||
020 _a81-7808-424-4
082 _a006.33 WAT
100 _aWaterman, Donald, A
_93524
245 0 _aGuide to expert systems
260 _aPearson education asia
_bDelhi
_c2002
300 _b295
650 _aMULTIMEDIA
999 _c172111
_d172111